Geography Quiz

Random Geography or City Quiz

Where Am I in North America? Quiz Stats

 Plays Quiz Updated Jan 26, 2018

Challenge
Share
Tweet
Score 0/22 Timer 04:00
11 Plays Today
% Correct
Right! That's
Chicago!
90.4%
Correct. This
is Boston.
88.7%
Vancouver
it is!
87.9%
Right! That's
Salt Lake City.
86.8%
Yes, that's
the Yucatán
Peninsula.
85%
Yep, that's
Port-au-Prince.
84.9%
Yes, Havana
indeed!
84.7%
Yes, that's
Baltimore!
83.5%
That is the
Gulf of Mexico.
The Sargasso
Sea is here.
83.5%
Mexico City
is correct!
82.9%
Right, this is
Jacksonville.
Miami is
down there.
82.1%
% Correct
Right! That's
Kansas City.
Denver's over
here in the
Rockies.
81.9%
That sure is the
Gulf of California!
80.7%
Good! This
is Houston, TX.
New Orleans
is over there.
76.3%
Good work. That's
San Francisco.
76.1%
Good work.
This is
Winnipeg, in
Canada. Duluth
is down there.
72.9%
Yes! That's
Phoenix, AZ.
Monterrey
is here.
72.3%
Correct.
Toronto
is way
down here.
72.1%
Yep, this is
Puerto Rico. Jamaica's
over that way.
63.8%
Right. This is
the Gulf of St.
Lawrence. The Hudson
Bay is up there.
60.4%
Correct. That's San José,
Costa Rica. Guatemala
City is to the Northwest.
53.3%
Right. This is
Huron. Lake
Ontario's there.
51.4%

You're not logged in!

Compare scores with friends on all Sporcle quizzes.
Join for Free
OR
Log In

You Might Also Like...

Show Comments

Extras

Top Quizzes Today


Score Distribution

Your Account Isn't Verified!

In order to create a playlist on Sporcle, you need to verify the email address you used during registration. Go to your Sporcle Settings to finish the process.

Report this User

Report this user for behavior that violates our Community Guidelines.

Details: